Non-countries that were mentioned in Yakko's World - Statistics

General Stats
  • This quiz has been taken 656 times
  • The average score is 23 of 33
Answer Stats
Country % Correct
Guam
86%
Puerto Rico
84%
Caribbean
83%
Greenland
83%
Czechoslovakia
79%
San Juan
79%
Asia
77%
Scotland
75%
French Guiana
74%
Bermuda
73%
Yugoslavia
73%
Korea
72%
Burma
70%
England
70%
Kampuchea
70%
Borneo
69%
Tibet
68%
Both Yemens
67%
Spanish Sahara
66%
Tobago
66%
Sumatra
65%
Transylvania
63%
Zaire
63%
Dahomey
61%
New Guinea
61%
Palestine
61%
Abu Dhabi
59%
Algiers
59%
Crete
58%
Hong Kong
58%
Cayman
55%
Philippine Islands
55%
Mahore
51%
No matching quizzes found
Score Distribution
Percent of People with Each Score
Percentile by Number Answered
Your Score History
You have not taken this quiz